000 00602nam a22001937a 4500
005 20180717110541.0
010 _aENG-123477
020 _a9788176504607
_c200.00
035 _aEN-107009
037 _bDBAD/PUB
082 _a230.1
100 _aShukla, Usha Devi
245 _aRamcharitmanas in the diaspora :
_cby Usha Devi Shukla
_bTrinidad, Mauritius, and South Africa /
260 _aNew Delhi
_bStar Publications
_c2011
270 _a4/5B, Asaf Ali Road,
_bNew Delhi
_e110002
300 _a280p.
_c22cm.(Hb)
500 _aIt includes index
942 _2ddc
_cEN
_mSHU
_h230.1
999 _c154130
_d154130